[Event "Brno Duras op"]
[Site "Brno"]
[Date "2015.06.27"]
[Round "1"]
[White "Randak, Pavel"]
[Black "Vyskocil, Neklan"]
[Result "0-1"]
[WhiteElo "1805"]
[BlackElo "2370"]
[PlyCount "58"]
[EventDate "2015.06.27"]
[EventType "swiss"]
[EventRounds "9"]
[EventCountry "CZE"]
[SourceTitle "CBM 167 Extra"]
[Source "ChessBase"]
[SourceDate "2015.09.14"]
[SourceVersion "1"]
[SourceVersionDate "2015.09.14"]
[SourceQuality "1"]

1. e4 c5 2. Nf3 d6 3. d4 cxd4 4. Nxd4 Nf6 5. Nc3 a6 6. Be2 e5 7. Nf3 h6 8. 0-0 Be6 9. Re1 Nbd7 10. Bf1 Rc8 11. Be3 Be7 12. a4 Qc7 13. h3 Qc6 14. Bd3 Nc5 15. Bxc5 Qxc5 16. Qd2 0-0 17. Nd1 Nh5 18. Ne3 Nf4 19. b3 Bd8 20. Reb1 Qc6 21. c4 Bb6 22. Nd5 Bxd5 23. exd5 Qd7 24. Bf1 Qf5 25. Kh2 Nxh3 26. Bd3 Qh5 27. gxh3 Qxf3 28. Rg1 e4 29. Qxh6 Bd4 0-1